Gas-solid reactions /
Guardado en:
| Autor Principal: | |
|---|---|
| Otros Autores: | , |
| Formato: | Libro |
| Idioma: | English |
| Publicado: |
New York :
Academic Press,
1976.
|
| Materias: | |
| Etiquetas: |
Agregar Etiqueta
Sin Etiquetas, Sea el primero en etiquetar este registro!
|
| LEADER | 00944pam a22002655a 4500 | ||
|---|---|---|---|
| 001 | EIQ.libpla000675 | ||
| 008 | 760510s1976####nyua#####b####001#0#eng#d | ||
| 005 | 20060421165612.0 | ||
| 245 | 1 | 0 | |a Gas-solid reactions / |c Julian Szekely, James W. Evans, and Hong Yong Sohn. |
| 260 | |a New York : |b Academic Press, |c 1976. | ||
| 300 | |a xiii, 400 p. : |b il. ; |c 23 cm. | ||
| 504 | |a Incluye referencias bibliográficas e índice. | ||
| 020 | |a 0126808503 | ||
| 100 | 1 | |a Szekely, Julian, |d 1934- | |
| 700 | 1 | |a Evans, James W., |d 1943- | |
| 700 | 1 | |a Sohn, Hong Yong. | |
| 082 | 0 | 0 | |a 541/.39 |
| 650 | 4 | |a Reacciones químicas |x Gases. | |
| 650 | 4 | |a Reacciones químicas |x Sólidos. | |
| 650 | 4 | |a Chemical reaction |x Gases. | |
| 650 | 4 | |a Chemical reaction |x Solids. | |
| 010 | |a 75030476 | ||
| 040 | |a DLC |c DLC |d AR-BbSID | ||
| 859 | |a AR-BbSID |b BIB. PLAPIQUI |h 541.39 |i Sz 21 |p 1972 |t Ej. 1 |v Ej. 1 | ||
| 859 | |a AR-BbSID |b BIB. PLAPIQUI |h 541.39 |i Sz 21 |p 1973 |t Ej. 2 |v Ej. 2 | ||
